| 000 | 00459nam a2200181Ia 4500 | ||
|---|---|---|---|
| 008 | 230524s9999 xx 000 0 und d | ||
| 020 | _a9788120338906 | ||
| 082 |
_a658.12 _bAND |
||
| 100 | _aAlan R.Andreasen | ||
| 245 | 0 | _aStrategic Marketing for Nonprofit Organisations | |
| 250 | _a7TH | ||
| 260 |
_aNEW DELHI _bPHI _c2009 |
||
| 300 | _aXVIII;485 | ||
| 500 | _aQuantity Number: 2 | ||
| 650 | _aManagement | ||
| 700 | _a Philip Kotler | ||
| 942 | _cBK | ||
| 999 |
_c45969 _d45969 |
||